00000000nam##2200000za#4500
0019.615675
003CaOODSP
00520210615101233
007ta
008150406|2001||||xxc|||||     f|0| 0 eng|d
022 |a0706-6457
040 |aCaOODSP|beng
043 |an-cn---
0861 |aFs97-6/2358E
1101 |aCanada. |bDepartment of Fisheries and Oceans.
24513|aAn evaluation of possible causes of the decline in pre-fishery abundance of North American Atlantic salmon / |cEdited by David K. Cairns.
260 |aOttawa - Ontario : |bFisheries and Oceans Canada |c2001.
300 |avii, 67p. : |breferences, tables ; |c28 cm.
4901 |aCanadian technical report of fisheries and aquatic sciences|x0706-6457|v2358
500 |a"This document presents and describes 62 hypotheses for the decline in pre-fishery abundance estimates of Atlantic salmon of North American origin."--Abstract. Prepared at the Science Branch, Gulf Fisheries and Management Region, Department of Fisheries and Oceans, Box 1236, Charlottetown, Prince Edward Island C1A 7M8.
5203 |aThis document presents and describes 62 hypotheses for the decline in pre-fishery abundance estimates of Atlantic salmon of North American origin.--Abstract
546 |aRésumé en français
563 |aRing binding
590 |a01-26|b2001-06-29
69007|aSalt water fish|2gcpds
69007|aFisheries|2gcpds
69007|aAquaculture|2gcpds
69007|aEnvironment|2gcpds
69007|aClimate|2gcpds
7201 |aCairns, David
7760#|tAn evaluation of possible causes of the decline in pre-fishery abundance of North American Atlantic salmon / |w(CaOODSP)9.574044
830#0|aCanadian technical report of fisheries and aquatic sciences,|x0706-6457|v2358|w(CaOODSP)9.514691